000 02123nam a2200457 c 4500
003 BLK
005 20180913164909.0
008 180409b bul|||||r ||||||| ||bul||
010 _aKNG00125585000
040 _aBLK
041 _aBUL
_cBUL
080 _aДруги видове песни. Изпълнители
_b784.7.071.2
_x(73)(092)
_z784.7.071.2(73)(092)
080 _aАмерикански поп певец
_b929 Джексън, Майкъл Джоузеф
_x
_z929 Джексън, Майкъл Джоузеф
700 1 _aДжексън, Майкъл Джоузеф
_e*
_9153299
100 1 _aДжаксън, Майкъл
_eпърви автор
_9316416
700 1 _aГергинова, Жана
_eпрев. от англ.
_9316417
139 _aДжексън, Майкъл Джоузеф
_bД 50
245 1 0 _aЛунна разходка
_bАвтобиогр.
_c* Майкъл Джоузеф Джексън; Майкъл Джаксън; прев. от англ. Жана Гергинова.
257 _aUSA
260 София
_bМузика
_c1990
300 _a136 с.
_bс ил., 28 л. ил., портр.
_c23 см
380 _a7
500 _aАвт. е известен като Майкъл Джексън. - Ориг. загл. Moonwalk / Michael Jacson. - Доп. тир. 1991.
600 1 4 _aДжексън, Майкъл
_9302607
650 4 _aДжексън, Майкъл Джоузеф
_9153299
650 4 _aПопмузика, американска
_9265310
650 4 _aПопизпълнители
_9167151
650 4 _aМузикални изпълнители, американски
_9257155
650 4 _aЕстрадни изпълнители, американски
_9257156
651 4 _aСАЩ
_9179493
653 _aМайкъл Джексън
653 _aпопизпълнители
653 _aпопмузика
653 _aавтобиографии
653 _aмузикални изпълнители
852 _aЦб 165518
856 4 _qpdf
_u
856 4 _qpdf
_u
942 _cKNG
_n0
_03
944 _aCR
_c09.09.2011
_lф / 09.09.2011
_kИрена_Линкова
944 _aED
_c24.01.2015
_lф / 09.09.2011
_kИрена_Линкова
999 _c119969
_d119969